Statistics for East Timor Counties (With no map)

Click here to take the quiz!

General Stats

  • This quiz has been taken 2 times
  • The average score is 2 of 13

Answer Stats

Letter Start WithAnswer% Correct
DDili
100%
BBaucau
50%
AAileu
0%
AAinaro
0%
AAmbeno
0%
BBobonaro
0%
CCova Lima
0%
EErmera
0%
LLautem
0%
LLiquica
0%
MManatuto
0%
MManufabi
0%
VViqueque
0%

Score Distribution

Percentile by Number Answered

Percent of People with Each Score

Your Score History

You have not taken this quiz